Stabilný rast trhlín v mikrolegovaných oceľových pásoch a ich zvaroch

Bibliographic Details
Main Author: Pešek, Ladislav, 1947- (Author)
Format: Article
Language:Slovak
PhysicalDescription:Tab. 3, grafy 7, lit. 8 zázn. v slov.
ISSN:0044-5525
Subjects:

MARC

LEADER 00000nab a2200000 a 4500
001 vtls000473002
003 SK-MaSNL
005 20260303225623.0
008 230223c1992 xo 0 slo
015 |a SNBRB19rr/mm-uuuuu 
035 |a CL0473136 
035 |a urn:nbn:sk:snk-ab6plo 
035 |a (uuid)6a2a51ba-0531-42ef-8330-f78d0752080a 
035 |a (urnnbn)urn:nbn:sk:snk:ar-005qra 
035 |a (sysno)vtls000473002 
040 |a SNKBUCL  |b slo  |c SNKBUCL  |e AACR2 
041 0 |a slo 
044 |a xo  |c SK 
080 |a 669.15-194.2-418:621.791.053:620.191.3  |2 1981 
080 |a 621.791.053  |2 1981 
080 |a 620.191.3  |2 1981 
100 1 |a Pešek, Ladislav,  |d 1947-  |4 aut  |9 219530 
245 1 0 |a Stabilný rast trhlín v mikrolegovaných oceľových pásoch a ich zvaroch  |c Ladislav Pešek 
300 |b Tab. 3, grafy 7, lit. 8 zázn. v slov. 
650 0 7 |a mikrolegované ocele  |2 snkbucl  |9 98435 
650 0 7 |a pásy oceľové mikrolegované  |2 snkbucl  |9 1262764 
650 0 7 |a zvarové spoje  |2 snkbucl  |9 31821 
650 0 7 |a trhliny kovov  |2 snkbucl  |9 1240321 
655 7 |a články z novín a časopisov  |2 snkbucl  |9 267496 
773 0 |t Zváranie  |g Roč. 41, č. 8 (1992), s. 169-173  |x 0044-5525 
850 |a Slovenská národná knižnica v Martine  |a MTA001 
852 |a SNK  |b KIS3GCP 
954 |a odborná, vedecká literatúra pôvodná (slovenská)  |2 lita 
958 |a OND 
958 |a NB 
958 |a RK 
958 |a EUIPO 
958 |a article 
992 |a RBX 
999 |c 2257669  |d 2259599